00625nam a22002297a 450000500170000001000130001702000100003003500130004003700160005304000120006908200210008110000260010224500460012824600360017426000590021027000550026930000190032465000170034365000120036065000130037265000100038520170123162350.0 aA-842621 c00.00 aA-842621 bCen Lib/Ret aDPLbUR a239.1bچ ر ن  aچرن سنگھ جی  a/ سنت مارگ cچرن سنگھ جی  aSant marg /bby Charan Singh Ji aجالندھر bسرتاج پرنٹڈ پریس c1967 aتھنڈا روڈ جالندھر bجالندھر  a95p.c20cm(Hb) a مذہبv  aسکھ  aReligion aSikh